|
|
|
|
| LEADER |
00825cam a2200253 7i4500 |
| 001 |
0000037015 |
| 005 |
20221115090000.0 |
| 007 |
##ta |
| 008 |
221115s2021 my o e may |
| 020 |
# |
# |
|a 9789834926649
|
| 040 |
# |
# |
|a MATR
|
| 090 |
0 |
# |
|a B 320.951
|b XIJ
|
| 245 |
0 |
0 |
|a XI JINPING :
|b Tadbir Urus China,
|n I.
|
| 264 |
# |
1 |
|a Kuala Lumpur:
|b Dewan Bahasa dan Pustaka,
|c 2021.
|
| 300 |
# |
# |
|a x, 645 pages:
|b colour photographs;
|c 25 cm.
|
| 336 |
# |
# |
|a text
|2 rdacontent
|
| 337 |
# |
# |
|a unmediated
|2 rdamedia
|
| 338 |
# |
# |
|a volume
|2 rdacarrier
|
| 600 |
0 |
0 |
|a Xi, Jinping
|
| 650 |
# |
0 |
|a Government publications --
|z Malaysia
|
| 651 |
# |
0 |
|a China --
|x Politics and government
|
| 651 |
# |
0 |
|a China --
|x Social conditions
|
| 651 |
# |
0 |
|a China --
|x Economic conditions
|
| 999 |
|
|
|a 0000041648
|b Book
|c Book
|e Business Information Centre
|